Found tribe /

Guardat en:
Dades bibliogràfiques
Altres autors: Schimel, Lawrence
Format: Llibre
Idioma:anglès
Publicat: Santa Fe : Sherman Asher, 2002
Etiquetes: Afegir etiqueta
Sense etiquetes, Sigues el primer a etiquetar aquest registre!

MARC

LEADER 00000nam a22000007i 4500
001 IT\ICCU\UBO\4043356
003 ItRI
005 20260115231837.0
008 131113s2002 xxu|||||| ||||| |||||c
020 |a 1890932205 
040 |b ita  |c importazione bologna sebina 
041 7 |a eng  |2 ISO-639-2 
245 0 0 |a Found tribe /  |c edited by Lawrence Schimel. 
260 |a Santa Fe :  |b Sherman Asher,  |c 2002 
300 |a 208 p. ;  |c 23 c 
500 |a In cop.: Jewish coming out stories. 
700 1 |a Schimel, Lawrence  |0 IT\ICCU\UBOV\127667 
942 |2 ddc  |c BK  |n 0 
952 |0 0  |1 0  |4 0  |6 DOC_306_766000000000000_SCH  |7 0  |9 14052  |a BO  |b BO  |d 2026-01-15  |i 17176  |l 0  |o DOC 306.766 SCH  |p BO17176  |r 2026-01-15 23:18:37  |w 2026-01-15  |x [Sebina 5] [1 v.]  |y BK  |z 1 v. 
999 |c 12109  |d 12109